Statistiques concernant Citations polémiques de politiciens et de dictateurs

Cliquez ici pour prendre le quiz!

Statistiques générales

  • Ce quiz a été pris 216 fois
  • Le résultat moyen est 7 sur 15

Statistiques - réponses

QuestionRéponse% Correct
"Je traverse la rue, du travail je vous en trouve."Emmanuel Macron (France)
93%
"Il voulut être César, il ne fut que Pompée." (À propos de la mort de Félix Faure)Georges Clémenceau
75%
"La sexualité d'un gosse, c'est absolument fantastique, faut être honnête. Quand une petite fille de cinq ans commence à vous déshabiller, c'est fantastique, c'est un jeu érotico-maniaque..."Daniel Cohn-Bendit (Europe-Écologie-les-Verts)
72%
"Quand on est une star, elles nous laissent faire. On peut leur faire tout ce qu'on veut. Les attraper par la chatte."Donald Trump (États-Unis)
51%
"Hitler a massacré trois millions de Juifs. Bon, nous avons trois millions de drogués. Je serais heureux de les massacrer."Rodrigo Duterte (Philippines)
44%
"Si j'étais raciste, en voyant un Noir tomber dans l'eau, j'aurais fait quoi? J'aurais croisé les bras."Jair Bolsonaro (Brésil)
43%
"Si une femme porte très peu de vêtements, cela aura un impact sur l'homme, à moins que ce ne soit des robots. C'est le bon sens."Imran Khan (Pakistan)
41%
"Le communisme n'a pas fait 100 millions de morts."Jean-Luc Mélenchon (La France Insoumise)
38%
"Je pourrais tirer sur quelqu'un [dans la rue], je ne perdrais pas d'électeurs."Donald Trump (États-Unis)
35%
"Il y a récession quand vôtre voisin perd son travail, dépression quand vous perdez le vôtre."Harry Truman (États-Unis)
34%
"La liberté d'expression existe ici, mais je ne peux pas garantir la liberté après l'expression."Amin Dada (Ouganda)
31%
"La bombe atomique est un tigre de papier dont les réactionnaires américains se servent pour effrayer les gens."Mao Tsé-Toung (Chine)
31%
"La démocratie n'a aucun sens. La preuve, c'est que chaque vote compte, peu importe que ce soit celui d'un Noir, d'une femme ou d'un handicapé."Général Aladeen
26%
"Mon grand-père est monté à dos de chameau, mon père est monté à dos de chameau, je conduis une Mercedes, mon fils conduit une Land Rover et mon petit-fils conduit une Land Rover, mais mon arrière-petit-fils va devoir à nouveau monter à dos de chameau. Beaucoup ne le comprendront pas, mais il faut élever des guerriers, pas des parasites."Cheikh Rachid (Émirats Arabes Unis)
23%
"C'est le ventre de nos femmes qui nous offrira la victoire. Ne faites pas trois, mais cinq enfants!"Recep Tayyip Erdoğan (Turquie)
21%

Distribution des résultats

Percentile par nombre de réponses

% des personnes avec chaque résultat

Votre développement - résultats

Vous n’avez pas pris ce quiz